K niektorým otázkam vymožiteľnosti práva v podnikaní
Súčasný právny stav vymožiteľnosti práva v podnikateľskom prostredí v Slovenskej republike. Nútená vymožiteľnosť práva vo svetle novely Exekučného poriadku. Zadefinovanie hlavných problémov pri vymáhaní pohľadávok a eliminovaní vzniku nevymožiteľných pohľadávok.
Saved in:
| Main Author: | |
|---|---|
| Format: | Book Chapter |
| Language: | Slovak |
| Subjects: | |
| Tags: |
No Tags, Be the first to tag this record!
|
MARC
| LEADER | 00000nla a2200000 4500 | ||
|---|---|---|---|
| 001 | 0196061 | ||
| 005 | 20240502073314.2 | ||
| 041 | 0 | |a slo | |
| 044 | |a SK | ||
| 245 | 1 | 0 | |a K niektorým otázkam vymožiteľnosti práva v podnikaní |c Oľga Kmeťová |
| 520 | |a Súčasný právny stav vymožiteľnosti práva v podnikateľskom prostredí v Slovenskej republike. Nútená vymožiteľnosť práva vo svetle novely Exekučného poriadku. Zadefinovanie hlavných problémov pri vymáhaní pohľadávok a eliminovaní vzniku nevymožiteľných pohľadávok. | ||
| 610 | 2 | 0 | |a vymožiteľnosť práva |
| 610 | 2 | 0 | |a pohľadávky |
| 610 | 2 | 0 | |a exekúcia |
| 610 | 2 | 0 | |a prostredie podnikateľské |
| 610 | 2 | 0 | |a Slovensko |
| 100 | 1 | |a Kmeťová, Oľga, 1959- | |